Erdélyi sors
Elmentve itt :
| Szerző: | |
|---|---|
| Adatforrás: | Meister |
| Forrásdokumentuma: | Művelődés. - 2 sz., 1994, 5-6 p. |
| Nyelv: | magyar |
| Kulcsszavak: | művelődéstörténet Erdély VENCZEL József |
| LEADER | 00371nab a2200145 i 4500 | ||
|---|---|---|---|
| 001 | bibPRO00000893 | ||
| 008 | 060524s1994 xx hun | ||
| 040 | |a Sz1 | ||
| 041 | |a hun | ||
| 100 | 1 | |a DÉZNAI Péter | |
| 245 | 1 | 0 | |a Erdélyi sors |c DÉZNAI Péter |
| 695 | |a művelődéstörténet | ||
| 695 | |a Erdély | ||
| 695 | |a VENCZEL József | ||
| 773 | 0 | |t Művelődés. - |g 2 sz., 1994, 5-6 p. | |